[Event "WYCC U18 Girls 2013"]
[Site "Al-Ain UAE"]
[Date "2013.12.27"]
[Round "10.20"]
[White "Guo,E"]
[Black "Anjana Krishna,S"]
[Result "1/2-1/2"]
[WhiteElo "2011"]
[BlackElo "1877"]

1.d4 d5 2.c4 e6 3.Nf3 Nf6 4.Nc3 Be7 5.Bf4 O-O 6.Rc1 c6 7.e3 b6 8.Bd3 Bb7
9.cxd5 exd5 10.h3 Nbd7 11.O-O Re8 12.Re1 Nf8 13.Ne5 Bd6 14.a3 Ng6 15.Nxg6 hxg6
16.Qf3 Rc8 17.b4 Re6 18.Rc2 Ne8 19.Rec1 c5 20.bxc5 bxc5 21.dxc5 Rxc5 22.Nb5 Rxc2
23.Rxc2 Bxf4 24.Qxf4 a6 25.Nc7 Nxc7 26.Rxc7 Re7 27.Rc5 Rd7 28.Qd4 Rc7  1/2-1/2

[Event "51st ch-IND Premier 2013"]
[Site "Jalgaon IND"]
[Date "2013.12.28"]
[Round "11.2"]
[White "Lalith,B"]
[Black "Deepan,C"]
[Result "1-0"]
[WhiteElo "2569"]
[BlackElo "2462"]

1.Nf3 d5 2.d4 Nf6 3.c4 e6 4.Nc3 Be7 5.Bf4 O-O 6.a3 b6 7.Qc2 c5 8.Rd1 Nc6
9.e3 cxd4 10.Nxd4 Nxd4 11.Rxd4 Bb7 12.cxd5 exd5 13.Be2 Qc8 14.Qb3 Rd8 15.Nb5 Ne4
16.O-O Nc5 17.Qd1 Ne6 18.Bg4 Qc6 19.Bxe6 fxe6 20.Be5 Qxb5 21.Qg4 Bf8 22.Qxe6+ Kh8
23.Rh4 Qd3 24.e4 Ba6 25.Re1 Qd2 26.Bc3 Qg5 27.Qh3 d4 28.Rxh7+ Kg8 29.e5 Bb7
30.Rh8+ Kf7 31.e6+ Kg6 32.Bd2 Qf5 33.Qg3+ Kf6 34.h4 g5 35.Rh7  1-0

[Event "PanAm Intercollegiate 2013"]
[Site "Lubbock USA"]
[Date "2013.12.28"]
[Round "3.3"]
[White "Holt,C"]
[Black "Sharevich,A"]
[Result "1-0"]
[WhiteElo "2542"]
[BlackElo "2279"]

1.d4 d5 2.c4 e6 3.Nc3 Be7 4.Nf3 Nf6 5.Bf4 O-O 6.e3 b6 7.Be2 Bb7 8.O-O dxc4
9.Bxc4 Nbd7 10.Qe2 Bd6 11.Bg5 h6 12.Bh4 a6 13.Rad1 Qe7 14.e4 b5 15.Bd3 b4
16.Na4 e5 17.dxe5 Nxe5 18.Nxe5 Bxe5 19.f4 Bd4+ 20.Kh1 Qe8 21.Bc2 Rd8 22.e5 Qb5
23.Bd3 Qxa4 24.Bxf6 gxf6 25.Qg4+ Kh8 26.Qf5 Bxg2+ 27.Kxg2 Rg8+ 28.Kf3 Rg6
29.Qh3 f5 30.Bxf5 Rb6 31.Qh4 Qc6+ 32.Be4 Qe8 33.Rg1 c5 34.f5 Qf8 35.f6  1-0

[Event "Rilton Cup 2013-14"]
[Site "Stockholm SWE"]
[Date "2013.12.28"]
[Round "2.1"]
[White "Socko,B"]
[Black "Akesson,R"]
[Result "1-0"]
[WhiteElo "2657"]
[BlackElo "2448"]

1.d4 d5 2.c4 e6 3.Nc3 Be7 4.Nf3 Nf6 5.Bf4 O-O 6.Rc1 c5 7.dxc5 dxc4 8.Qxd8 Rxd8
9.e3 Bxc5 10.Bxc4 b6 11.Bc7 Rf8 12.Ke2 Bb7 13.Nb5 Nbd7 14.Rhd1 a6 15.Nbd4 Rfc8
16.Bg3 b5 17.Bb3 Be7 18.Ne5 Nc5 19.f3 Nxb3 20.Nxb3 Rxc1 21.Rxc1 Rc8 22.Rxc8+ Bxc8
23.Nc6 Kf8 24.Nxe7 Kxe7 25.Bh4 h6 26.Bxf6+ Kxf6 27.Kd3 Ke5 28.Kc3 f5 29.Kb4 Kd5
30.Ka5 e5 31.Kb6 g5 32.Nc5 f4 33.exf4 exf4 34.Nxa6 Bd7 35.Nc7+ Kc4 36.b3+ Kb4
37.Nd5+ Ka3 38.Nf6 Bf5 39.Kxb5 Bd3+ 40.Kc5 Bf1 41.g3 Be2 42.gxf4 gxf4 43.Nd5 Bxf3
44.Nxf4 Kxa2 45.b4 Kb3 46.b5 Ka4 47.Ne6 Be2 48.b6  1-0

[Event "22nd Donau Open 2013"]
[Site "Aschach AUT"]
[Date "2013.12.29"]
[Round "5.9"]
[White "Neuman,P"]
[Black "Cherednichenko,E"]
[Result "1-0"]
[WhiteElo "2496"]
[BlackElo "2171"]

1.d4 d5 2.c4 e6 3.Nc3 Be7 4.Nf3 Nf6 5.Bf4 O-O 6.e3 b6 7.cxd5 Nxd5 8.Nxd5 exd5
9.Bd3 c5 10.dxc5 bxc5 11.O-O Nc6 12.Rc1 Be6 13.Bb1 Qb6 14.Ng5 Bxg5 15.Bxg5 c4
16.Qc2 f5 17.b3 Rac8 18.bxc4 dxc4 19.Qc3 Nb4 20.Rfd1 Nd3 21.Bxd3 cxd3 22.Qxd3 Rxc1
23.Rxc1 Qb2 24.Rb1 Qxa2 25.h3 h6 26.Bf4 Bc4 27.Qd1 Be2 28.Qc1 Rd8 29.Kh2 Qd5
30.Qc7 Qd7 31.Qa5 Bc4 32.Be5 a6 33.Qc3 Bb5 34.Rc1 Kh7 35.Qa1 Qf7 36.Rc5 Rd7
37.Qc3 Qe6 38.Bd4 Qg6 39.f4 Qe6 40.Qc2 Rf7 41.g4 Bd7 42.Kg3 Kg8 43.Re5 Qg6
44.Qb1 Kh7 45.Rc5 Qe6 46.Rc7 Qd5 47.Rc5 Qe6 48.Qd3 Kh8 49.Re5 Qg6 50.Bc3 Kh7
51.Rd5 Bb5 52.Qd4 fxg4 53.hxg4 Qb1 54.Qd1 Qe4 55.Re5 Qd3 56.Qxd3+ Bxd3 57.Re8 Bb5
58.Ra8 Re7 59.Bd4 Kg6 60.Rg8 Kh7 61.Rb8 Kg6 62.Rb6+ Kf7 63.f5 Rc7 64.Kf4 Bd3
65.e4 Rd7 66.Ke3 Bc4 67.e5 Rd8 68.e6+ Kf8 69.Rb7 Re8 70.Rf7+ Kg8 71.Rxg7+ Kf8
72.Rg6 Rc8 73.Rxh6 Ke7 74.Be5 Rg8 75.Rh7+ Ke8 76.Bd6 a5 77.Rb7  1-0

[Event "Rilton Cup 2013-14"]
[Site "Stockholm SWE"]
[Date "2013.12.29"]
[Round "3.14"]
[White "Akesson,R"]
[Black "Nielsen,Ro"]
[Result "1-0"]
[WhiteElo "2448"]
[BlackElo "2252"]

1.Nf3 Nf6 2.c4 e6 3.Nc3 d5 4.d4 Be7 5.Bf4 O-O 6.e3 c5 7.dxc5 Qa5 8.Nd2 dxc4
9.Bd6 Bxd6 10.cxd6 Qc5 11.Nxc4 b5 12.Na5 a6 13.Rc1 Rd8 14.a3 Qb6 15.b4 Ra7
16.Be2 Rxd6 17.Nd5 Nxd5 18.Rxc8+ Rd8 19.Rxd8+ Qxd8 20.e4 Qf6 21.exd5 Qc3+
22.Qd2 Qa1+ 23.Bd1 Rd7 24.O-O Rxd5 25.Qc2 Rd8 26.Qxh7+ Kf8 27.Qh8+ Ke7 28.Qh4+ f6
29.Bf3  1-0

[Event "Cracovia Open A 2013-14"]
[Site "Krakow POL"]
[Date "2013.12.30"]
[Round "5.5"]
[White "Janczarski,M"]
[Black "Leniart,A"]
[Result "1/2-1/2"]
[WhiteElo "2385"]
[BlackElo "2472"]

1.d4 d5 2.c4 e6 3.Nc3 Be7 4.Nf3 Nf6 5.Bf4 O-O 6.e3 Nbd7 7.c5 c6 8.Bd3 b6
9.b4 a5 10.a3 Ba6 11.Bxa6 Rxa6 12.O-O Qa8 13.h3 Qb7 14.Qd3 Ra7 15.Rab1 axb4
16.axb4 Ra3 17.Qc2 Rfa8 18.Nd2 bxc5 19.bxc5 Qa6 20.Rb3 Rxb3 21.Qxb3  1/2-1/2

[Event "15th Czech Christmas"]
[Site "Litomysl CZE"]
[Date "2013.12.31"]
[Round "7.7"]
[White "Mishuchkov,N"]
[Black "Ptacek,L"]
[Result "1-0"]
[WhiteElo "2353"]
[BlackElo "2092"]

1.d4 d5 2.Nf3 Nf6 3.c4 e6 4.Nc3 Be7 5.Bf4 c6 6.e3 Nbd7 7.h3 dxc4 8.Bxc4 Nb6
9.Bd3 Nbd5 10.Bh2 Nxc3 11.bxc3 c5 12.O-O O-O 13.Ne5 Bd6 14.Qf3 Qc7 15.Bg3 Rb8
16.Ng4 Nxg4 17.Bxd6 Qxd6 18.Qxg4 cxd4 19.cxd4 Bd7 20.Rfc1 Bc6 21.Qh5 g6 22.Qc5 Qd7
23.Qxa7 e5 24.Bf1 exd4 25.Rd1 Qe6 26.Qxd4 Rfd8 27.Qf4 Rbc8 28.Bc4 Qe7 29.Bb3 Kg7
30.Rd4 Rxd4 31.Qxd4+ Kg8 32.Rd1 Re8 33.Qf4 Kg7 34.h4 Qf6 35.Qxf6+ Kxf6 36.Rd4 Ke7
37.g4 f6 38.Bd5 Ra8 39.Bxc6 bxc6 40.a4 c5 41.Rf4 Ke6 42.Kf1 h6 43.Ke2 Ke5
44.Kd3 f5 45.Rc4 Rd8+ 46.Kc2 Kd5 47.Rf4 Ke5 48.gxf5 gxf5 49.a5 Ra8 50.Ra4 Ra6
51.Kc3 Kd5 52.h5 c4 53.Kb4 Rc6 54.Ra3 Rc8 55.a6 Rb8+ 56.Kc3  1-0

[Event "15th Czech Christmas"]
[Site "Litomysl CZE"]
[Date "2014.01.02"]
[Round "9.7"]
[White "Jasny,S"]
[Black "Varga,Kl"]
[Result "0-1"]
[WhiteElo "2320"]
[BlackElo "2211"]

1.d4 e6 2.c4 Nf6 3.Nf3 d5 4.Nc3 Be7 5.Bf4 c6 6.e3 O-O 7.h3 Nbd7 8.Qc2 Re8
9.Rd1 Nf8 10.a3 Ng6 11.Bh2 Bd6 12.Bxd6 Qxd6 13.Be2 Bd7 14.O-O Rac8 15.c5 Qe7
16.Bd3 Red8 17.b4 a6 18.Rb1 Be8 19.Ne5 Nd7 20.f4 Ndf8 21.Bxg6 hxg6 22.a4 f6
23.Nd3 Nd7 24.e4 Nf8 25.e5 f5 26.Qd2 Nh7 27.Kh2 g5 28.g3 Bh5 29.b5 axb5 30.axb5 Kh8
31.bxc6 bxc6 32.Rb6 gxf4 33.Nxf4 Be8 34.Qb2 g5 35.Ng2 Qg7 36.Rb7 Qh6 37.Qd2 Qh5
38.Ra1 Ra8 39.Rxa8 Rxa8 40.Re7 Nf8 41.Ne2 f4 42.gxf4 Ra3 43.Ng3 Qf3 44.Qe1 Ra2
45.Qf1 Rf2 46.Qxf2 Qxf2 47.Rxe8 Kg8 48.Nh5 Kf7 49.Rc8 Ng6 50.Rc7+ Kf8 51.Rg7 Nh4  0-1

[Event "Bay Area International 2014"]
[Site "Santa Clara USA"]
[Date "2014.01.02"]
[Round "1.12"]
[White "Berczes,D"]
[Black "Shivaji,S1"]
[Result "1-0"]
[WhiteElo "2519"]
[BlackElo "2273"]

1.d4 d5 2.c4 e6 3.Nf3 Nf6 4.Nc3 Be7 5.Bf4 O-O 6.Rc1 Nh5 7.Be5 Nc6 8.e3 a6
9.h3 dxc4 10.Bxc4 b5 11.Be2 Bb7 12.Nd2 Nf6 13.Bxf6 Bxf6 14.Nb3 Be7 15.Bf3 Rb8
16.O-O e5 17.Nb1 Qd7 18.Bxc6 Bxc6 19.dxe5 Qe8 20.Qc2 Rb6 21.N1d2 Bb4 22.Nd4 Bd5
23.Qxc7 Rb7 24.Qc2 Qxe5 25.N2f3 Qf6 26.e4 Bc4 27.Rfd1 Rc8 28.e5 Qb6 29.Ng5 Qh6
30.Qf5 Rf8 31.b3 Be7 32.Ne4 Be6 33.Qf3 Rb6 34.Rc6 Rfb8 35.Nf5 Bxf5 36.Rxh6 Bxe4
37.Rxb6  1-0

[Event "Bay Area International 2014"]
[Site "Santa Clara USA"]
[Date "2014.01.03"]
[Round "2.33"]
[White "Shivaji,S1"]
[Black "Iyengar,Udit"]
[Result "1-0"]
[WhiteElo "2273"]
[BlackElo "2031"]

1.d4 d5 2.c4 e6 3.Nc3 Be7 4.Nf3 Nf6 5.Bf4 c6 6.e3 O-O 7.h3 b6 8.cxd5 Nxd5
9.Bh2 Nxc3 10.bxc3 Bb7 11.Bd3 Nd7 12.O-O Nf6 13.Qe2 c5 14.e4 cxd4 15.cxd4 g6
16.Bf4 Rc8 17.Rfd1 a6 18.a4 Re8 19.Bg5 Nh5 20.Be3 Nf6 21.d5 exd5 22.e5 Nd7
23.Bxa6 Bxa6 24.Qxa6 Nc5 25.Qb5 Bf8 26.Rd4 Bg7 27.Rad1 Bxe5 28.Rxd5 Qc7 29.a5 Qb8
30.axb6 Ne4 31.Rxe5 Nc3 32.Rxe8+ Rxe8 33.Qd3 Nxd1 34.Qxd1 Rc8 35.Qa1 Qd6
36.Bh6 f6 37.Qa2+ Kh8 38.Qf7 Rg8 39.b7 Qd1+ 40.Kh2 Qd6+ 41.g3  1-0

[Event "ch-AUS 2014"]
[Site "Melbourne AUS"]
[Date "2014.01.04"]
[Round "4.15"]
[White "Brown,An"]
[Black "Tang,J"]
[Result "1-0"]
[WhiteElo "2259"]
[BlackElo "2067"]

1.d4 d5 2.c4 e6 3.Nc3 Nf6 4.Nf3 Be7 5.Bf4 O-O 6.e3 Nh5 7.Be5 Nc6 8.Bd3 Nxe5
9.Nxe5 Nf6 10.c5 Nd7 11.f4 Nxe5 12.fxe5 Bg5 13.h4 Bxh4+ 14.g3 Bxg3+ 15.Kd2 h6
16.Qh5 f5 17.Ne2 Bxe5 18.dxe5 Qg5 19.Qf3 Qe7 20.Rag1 Kh7 21.Nf4 Bd7 22.Rg6 Be8
23.Rxe6 Qxc5 24.Rexh6+ gxh6 25.Rxh6+ Kxh6 26.Qh3+ Kg7 27.Ne6+ Kg8 28.Qg2+ Kf7
29.Nxc5 Bc6 30.Bxf5  1-0

[Event "TCh-NED Meesterklasse 2013-14"]
[Site "Netherland NED"]
[Date "2014.01.04"]
[Round "4.7"]
[White "Hoeksema,E"]
[Black "Bernink,Henk"]
[Result "1-0"]
[WhiteElo "2365"]
[BlackElo "2221"]

1.d4 d5 2.c4 e6 3.Nc3 Nf6 4.Nf3 Be7 5.Bf4 O-O 6.e3 c5 7.dxc5 Bxc5 8.a3 a5
9.Qc2 dxc4 10.Bxc4 Nc6 11.O-O Qe7 12.Bg5 h6 13.Bh4 Qc7 14.Rad1 Be7 15.Nb5 Qb6
16.h3 e5 17.Nd6 Nd8 18.Nf5 Bxf5 19.Qxf5 e4 20.Ne5 Qc5 21.Rc1 Rc8 22.Ng6 Re8
23.Nxe7+ Kf8 24.Bxf6 Qxf5 25.Nxf5 gxf6 26.Nd6  1-0

[Event "2nd Gurgaon Open 2014"]
[Site "Gurgaon IND"]
[Date "2014.01.05"]
[Round "7.2"]
[White "Barbosa,O PHI"]
[Black "Prasanna,Ra"]
[Result "0-1"]
[WhiteElo "2579"]
[BlackElo "2399"]

1.d4 Nf6 2.c4 e6 3.Nf3 d5 4.Nc3 Be7 5.Bf4 O-O 6.e3 Nbd7 7.c5 Nh5 8.Bd3 Nxf4
9.exf4 b6 10.b4 a5 11.a3 c6 12.O-O Qc7 13.g3 Ba6 14.Bxa6 Rxa6 15.Qe2 Rfa8
16.b5 cxb5 17.Nxb5 Qc6 18.cxb6 Rxb6 19.a4 Qb7 20.Rac1 Rc8 21.Rxc8+ Qxc8 22.f5 Qc4
23.Qd1 exf5 24.Re1 Kf8 25.Re3 Bb4 26.Ne1 f4 27.Re2 Bxe1 28.Qxe1 Nf6 29.Qd1 Rc6
30.Kg2 Ne4 31.f3 Nf6 32.Na7 Rc7 33.Nb5 Rc6 34.Na7 Re6 35.Rc2 Qb4 36.Nc6 Qxa4
37.Ne5 Ne8 38.Qd2 f6 39.Ra2 Qb4 40.Qd1 Ke7 41.Nd3 Qc4 42.Qd2 Qxd4 43.Rxa5 Nd6
44.Kh3 Kf7 45.Ra3 Nc4 46.Qxf4 Qxf4 47.Ra7+ Re7 48.Rxe7+ Kxe7 49.Nxf4 Ne3
50.g4 d4 51.Kg3 Nd1 52.Kg2 g5 53.Nh5 d3 54.Kf1 Nb2 55.Ke1 Nc4 56.Kf2 Ke6
57.f4 d2 58.f5+ Ke5 59.Ke2 Ne3 60.Kxd2 Nxg4 61.h3 Nh6 62.Ke2 Nxf5 63.Kf3 h6
64.Kg4 Ne3+ 65.Kf3 Nd5 66.Ng3 f5 67.Nh1 Nf6 68.Nf2 f4 69.Nd3+ Kf5 70.Nc5 h5
71.Ke2 g4 72.hxg4+ hxg4 73.Nd3 Ne4 74.Ne1 Ng5 75.Nd3 g3 76.Ne1 Kg4 77.Nd3 f3+
78.Ke3 g2  0-1